Versos de espantapájara

Uloženo v:
Podrobná bibliografie
Hlavní autor: Fuentes Zurita, Magdalena (Autor)
Médium: Kniha
Jazyk:španělština
Vydáno: Santiago Ediciones del Sur 1998
Vydání:2a. ed
Témata:
Tagy: Přidat tag
Žádné tagy, Buďte první, kdo vytvoří štítek k tomuto záznamu!

MARC

LEADER 00000cam a2200000 a 4500
001 UCD5150
003 CL-VaPUC
008 160811e19980000cl |||||||||||||||||spa|d
020 |a 9562728110 
082 0 4 |a Ch861  |b FUE  |2 21 
100 0 |a Fuentes Zurita, Magdalena  |e author  |9 588883 
245 1 0 |a Versos de espantapájara 
250 |a 2a. ed 
300 |a 78 p 
942 |c BK 
945 |d 20160811 17:41:00  |a dcastane 
260 |a Santiago  |b Ediciones del Sur  |c 1998 
650 0 |a Poesías chilenas   |9 265280 
650 0 |a Literatura chilena   |9 308278 
583 |a last modification  |c 20160811 17:41:00  |k Rodrigo Vera 
999 |c 365900  |d 365898 
952 |0 0  |1 0  |3 erb  |4 0  |6 CH_861_000000000000000_FUE_1998  |7 0  |8 A  |9 479871  |a BIBEDU  |b BIBEDU  |c ES_NOD  |i 5336473  |o Ch861 FUE 1998  |p 5336473  |r 2023-08-09  |w 2019-11-24  |y BK  |z Catalogado en:20160811  |k EPE